Mahoma y Carlomagno
Uloženo v:
| Hlavní autor: | |
|---|---|
| Médium: | Kniha |
| Jazyk: | španělština |
| Vydáno: |
Madrid
Alianza
1979
|
| Vydání: | 2a. ed |
| Témata: | |
| Tagy: |
Přidat tag
Žádné tagy, Buďte první, kdo vytvoří štítek k tomuto záznamu!
|
MARC
| LEADER | 00000nam a2200000 a 4500 | ||
|---|---|---|---|
| 001 | UCP9928 | ||
| 003 | CL-VaPUC | ||
| 008 | 000407e19790000SP |||||||||||||||||spa|d | ||
| 082 | 0 | 4 | |a 940.12 |b PIR |2 21 |
| 100 | 0 | |a Pirenne, Henri |e author |9 440883 | |
| 245 | 1 | 0 | |a Mahoma y Carlomagno |
| 250 | |a 2a. ed | ||
| 300 | |a 229 p | ||
| 942 | |c BK | ||
| 945 | |d 20000407 00:00:00 |a rherrera | ||
| 260 | |a Madrid |b Alianza |c 1979 | ||
| 600 | 0 | |a Carlomagno |9 343111 | |
| 600 | 0 | |a Mahoma, |d 570-632 |9 482781 | |
| 650 | 0 | |a Historia de Europa |9 392003 | |
| 650 | 0 | |a Edad media |9 258041 | |
| 650 | 7 | |a INVASIONES |2 CL-VaPUC |9 392362 | |
| 650 | 7 | |a GERMANOS |2 CL-VaPUC |9 322979 | |
| 650 | 7 | |a ISLAM |2 CL-VaPUC |9 349147 | |
| 650 | 0 | |a Imperio carolingio |9 392797 | |
| 650 | 0 | |a Papas |9 258738 | |
| 651 | 0 | |a Europa |9 255156 | |
| 583 | |a last modification |c 20000407 00:00:00 |k Rodrigo Vera | ||
| 999 | |c 286708 |d 286706 | ||
| 952 | |0 0 |1 0 |4 0 |6 940_120000000000000_PIR_1979 |7 0 |8 A |9 332788 |a BIBHIS |b BIBHIS |d 2019-11-20 |i 1263064 |l 5 |m 1 |o 940.12 PIR 1979 |p 1263064 |r 2025-05-02 |s 2025-04-25 |w 2019-11-20 |y BK |k HIS | ||